Gran Señor y Rajadiablos: texto original completo en dos tomos

محفوظ في:
التفاصيل البيبلوغرافية
المؤلف الرئيسي: Barrios, Eduardo (مؤلف)
التنسيق: كتاب
اللغة:الإسبانية
منشور في: Santiago Andrés Bello 1983
الطبعة:1a. ed
سلاسل:<Los >mejores libros chilenos
الموضوعات:
الوسوم: إضافة وسم
لا توجد وسوم, كن أول من يضع وسما على هذه التسجيلة!

MARC

LEADER 00000nam a2200000 a 4500
001 UCH6066
003 CL-VaPUC
008 091109e19830000CL |||||||||||||||||spa|d
082 0 4 |a Ch863  |b BAR  |2 21 
100 0 |a Barrios, Eduardo  |e author  |9 320692 
245 1 0 |a Gran Señor y Rajadiablos: texto original completo en dos tomos 
250 |a 1a. ed 
300 |a 2 v 
942 |c BK 
945 |d 20091109 00:00:00  |a ccalabra 
260 |a Santiago  |b Andrés Bello  |c 1983 
650 0 |a Literatura  |9 259151 
650 0 |a Literatura chilena   |9 308278 
650 0 |a Novelas chilenas   |9 265425 
650 0 |a Escritores chilenos   |9 420370 
650 0 |a Narrativa  |9 336727 
650 0 |a Ficción   |9 376687 
650 0 |a Lectura  |9 307634 
651 7 |a CHILE  |2 CL-VaPUC  |9 542446 
583 |a last modification  |c 20091109 00:00:00  |k Rodrigo Vera 
490 0 |a <Los >mejores libros chilenos 
999 |c 337031  |d 337029